| 000 | 00497 a2200157 4500 | ||
|---|---|---|---|
| 999 |
_c10158 _d10158 |
||
| 020 | _aNO ISBN | ||
| 050 | 0 | 0 | _aKTZ1.85RHO1956 |
| 110 | 1 | _aRhodesia, Southern. | |
| 245 | 1 | 4 |
_aThe statute law of Southern Rhodesia : _bfrom Ist January to 31st December ,1934 / _cAuthority |
| 264 |
_aHarare: _bRhodesian Printing, _c1956 |
||
| 300 | _a252p. : | ||
| 500 | _aincludes table of contents | ||
| 650 |
_astatute law _xSouthern Rhodesia |
||
| 700 | 1 | _aGreenfield, J.M | |
| 942 |
_2lcc _cSERIALS _h1.85 _iZIM _kKTZ |
||